II República y Guerra Civil [ (Record no. 86304)

MARC details
000 -LEADER
campo de control de longitud fija 01361nam a2200253 i 4500
001 - NÚMERO DE CONTROL
campo de control 86304
003 - IDENTIFICADOR DE NÚMERO DE CONTROL
campo de control ES-MaACL
007 - CAMPO FIJO DE DESCRIPCIÓN FÍSICA--INFORMACIÓN GENERAL
campo de control de longitud fija t|
008 - DATOS DE LONGITUD FIJA--INFORMACIÓN GENERAL
campo de control de longitud fija 041223s2002 sp ||||1| spa d
020 ## - NÚMERO INTERNACIONAL ESTÁNDAR DEL LIBRO
Número Internacional Estándar del Libro 84-96170-51-5
080 ## - NÚMERO DE LA CLASIFICACIÓN DECIMAL UNIVERSAL
Número de la Clasificación Decimal Universal 946"1931/39"
245 00 - MENCIÓN DEL TÍTULO
Título II República y Guerra Civil [
Medio Recurso electrónico] /
Mención de responsabilidad, etc. [dirección, Luis Sanguino Arias ; coordinación Juan Carlos Cobo Cueva... [et al.].
260 ## - PUBLICACIÓN, DISTRIBUCIÓN, ETC.
Lugar de publicación, distribución, etc. Madrid :
Nombre del editor, distribuidor, etc. Dolmen,
Fecha de publicación, distribución, etc. [2002]
300 ## - DESCRIPCIÓN FÍSICA
Extensión 1 disco compacto (CD-ROM) :
Otras características físicas son., col. ;
Dimensiones 12 cm +
Material acompañante/anejo 1 folleto (31 p.)
490 1# - MENCIÓN DE SERIE
Mención de serie Historia de España (Ediciones Dolmen) ;
Designación de volumen o secuencia 11
500 ## - NOTA GENERAL
Nota general Requerimientos del sistema: PC con procesador Pentium II a 200 Mhz o superior ; Memoria RAM 32 Mb mínimo ; Espacio libre en disco duro de 10 Mb mínimo o posterior ; Tarjeta gráfica 4 Mb memoria (1024 x 768 pixels a 16 bits de color) ; Monitor XVGA (resolución 1024 x 768 pixels y millones de colores); Lector CD-ROM con capacidad de sonido MIDI y digitalizado. Windows 95 o superior.
651 #4 - PUNTO DE ACCESO ADICIONAL DE MATERIA--NOMBRE GEOGRÁFICO
Nombre geográfico España-
Subdivisión general Historia-
Subdivisión cronológica 1931-1939, II República-
Subdivisión de forma CD-ROM.
9 (RLIN) 8287
651 #4 - PUNTO DE ACCESO ADICIONAL DE MATERIA--NOMBRE GEOGRÁFICO
Nombre geográfico España-
Subdivisión general Historia-
Subdivisión cronológica 1936-1939, Guerra civil-
Subdivisión de forma CD-ROM.
9 (RLIN) 8300
700 1# - ENTRADA AGREGADA--NOMBRE PERSONAL
Nombre de persona Sanguino Arias, Luis.
9 (RLIN) 103152
700 1# - ENTRADA AGREGADA--NOMBRE PERSONAL
Nombre de persona Cobo Cueva, Juan Carlos.
9 (RLIN) 39356
830 0# - PUNTO DE ACCESO ADICIONAL DE SERIE-TÍTULO UNIFORME
Título uniforme Historia de España (Ediciones Dolmen) ;
Designación de volumen o secuencia 11
9 (RLIN) 183970
852 ## - LOCALIZACIÓN
Ubicación ES-MaACL
Número de control de estantería ROT 1/3/11
Holdings
Estatus retirado Estado de pérdida Estado de daño No para préstamo Biblioteca de origen Biblioteca actual Ubicación en estantería Fecha de adquisición Fuente de adquisición Total de préstamos Signatura topográfica completa Código de barras Visto por última vez Precio de reemplazo Tipo de ítem Koha
        Biblioteca del Ateneo de Madrid Biblioteca del Ateneo de Madrid Depósito 17/01/2008     ROT 1/3/11 1090173 23/02/2023 23/02/2023 Archivo de ordenador en CD-ROM, CD o disquete